000 00271nam a22001217a 4500
999 _c14803
_d14803
020 _a9788121918015
082 _a658
_bKHA/EN
100 _aKhanka, SS
_92020
245 _aEntrepreneurial development
260 _aNew Delhi
_bS.Chand
_c2016
300 _a794p
942 _cBK